<?xml version="1.0" encoding="UTF-8"?><?xml-stylesheet type="text/xsl" href="static/style.xsl"?><OAI-PMH xmlns="http://www.openarchives.org/OAI/2.0/" xmlns:xsi="http://www.w3.org/2001/XMLSchema-instance" xsi:schemaLocation="http://www.openarchives.org/OAI/2.0/ http://www.openarchives.org/OAI/2.0/OAI-PMH.xsd"><responseDate>2026-04-17T20:57:16Z</responseDate><request verb="GetRecord" identifier="oai:riubu.ubu.es:10259/11080" metadataPrefix="marc">https://riubu.ubu.es/oai/request</request><GetRecord><record><header><identifier>oai:riubu.ubu.es:10259/11080</identifier><datestamp>2025-11-20T23:01:47Z</datestamp><setSpec>com_10259_2699</setSpec><setSpec>col_10259_2703</setSpec></header><metadata><record xmlns="http://www.loc.gov/MARC21/slim" xmlns:doc="http://www.lyncode.com/xoai" xmlns:xsi="http://www.w3.org/2001/XMLSchema-instance" xmlns:dcterms="http://purl.org/dc/terms/" xsi:schemaLocation="http://www.loc.gov/MARC21/slim http://www.loc.gov/standards/marcxml/schema/MARC21slim.xsd">
<leader>00925njm 22002777a 4500</leader>
<datafield tag="042" ind1=" " ind2=" ">
<subfield code="a">dc</subfield>
</datafield>
<datafield tag="720" ind1=" " ind2=" ">
<subfield code="a">Martin, Caroline Françoise</subfield>
<subfield code="e">author</subfield>
</datafield>
<datafield tag="260" ind1=" " ind2=" ">
<subfield code="c">2025</subfield>
</datafield>
<datafield tag="520" ind1=" " ind2=" ">
<subfield code="a">El papel de la lengua inglesa en el mundo interconectado de hoy es de suma importancia,&#xd;
con unos 1.500 millones de hablantes en todo el mundo. En el ámbito académico, el inglés&#xd;
se ha consolidado como lengua franca, permitiendo a los investigadores compartir su&#xd;
trabajo con la comunidad científica mundial. Esta tesis doctoral investiga el impacto del&#xd;
inglés en el proceso y los resultados de la investigación aplicada en ciencias de la&#xd;
educación dentro de las universidades. El estudio comienza examinando la importancia&#xd;
del inglés en las publicaciones científicas dentro de los entornos educativos, en particular&#xd;
en las instituciones de enseñanza superior. Se adentra en el desarrollo del inglés como&#xd;
lengua franca global, explorando sus raíces filológicas, su evolución histórica y las fases&#xd;
que ha atravesado hasta convertirse en el idioma que es hoy. Se examinan las&#xd;
competencias lingüísticas en inglés necesarias para llevar a cabo investigaciones y&#xd;
divulgar hallazgos científicos, tal y como las define el Marco Común Europeo de&#xd;
Referencia para las Lenguas (MCERL). Es pertinente destacar que, en la actualidad, no&#xd;
solo se requiere competencia lingüística escrita, sino también la utilización de la&#xd;
competencia oral. La difusión de la investigación puede incluir la visualización de los&#xd;
resultados a través de medios audiovisuales y su presentación en congresos&#xd;
internacionales. Con el fin de apoyar al aprendizaje del inglés en el entorno universitario,&#xd;
se documentan las iniciativas implementadas por la Universidad de Burgos. Se detalla el&#xd;
apoyo ofrecido por la Universidad de Burgos a través de su Instituto de Formación e&#xd;
Investigación Educativa y el Centro de Lenguas Modernas, lo cual confirma la tendencia&#xd;
del auge de la demanda de formación del inglés en España. Además, este análisis incluye&#xd;
el impacto de cuatro artículos, que pretenden mejorar el proceso de enseñanzaaprendizaje en la educación universitaria a través de metodologías activas, tecnologías&#xd;
innovadoras y estrategias metacognitivas como el uso de tecnología de seguimiento&#xd;
ocular, el aprendizaje basado en proyectos (ABP) en entornos colaborativos y el&#xd;
aprendizaje basado en juegos digitales (ABJD). Además, se integra el análisis del proceso&#xd;
de aprendizaje a través de la minería de datos y la aplicación de estrategias metacognitivas&#xd;
durante la interacción en grupos colaborativos. Específicamente, se plantean cuatro&#xd;
experimentos piloto estructurados metodológicamente en los siguientes apartados:&#xd;
objetivos y preguntas de investigación, método, instrumentos y procedimientos,&#xd;
resultados, conclusiones y líneas futuras de intervención. La discusión contiene&#xd;
aportaciones y avances basados en los resultados encontrados en la investigación. La tesis&#xd;
concluye destacando el papel esencial del inglés en la difusión de la investigación y&#xd;
propone la implementación de un nuevo curso como plan de apoyo para que los&#xd;
investigadores desarrollen las habilidades necesarias para la comunicación efectiva de su&#xd;
trabajo.</subfield>
</datafield>
<datafield tag="520" ind1=" " ind2=" ">
<subfield code="a">The role of the English language in today's interconnected world is of paramount&#xd;
importance, with an estimated 1.5 billion speakers globally. In the realm of academia,&#xd;
English has established itself as the lingua franca, enabling researchers to share their work&#xd;
with the global scientific community. This doctoral thesis investigates the impact of&#xd;
English on the outcomes of applied research in educational sciences in universities. This&#xd;
study begins by examining the significance of English in scientific publications within&#xd;
educational settings, particularly in higher education institutions. It delves into the&#xd;
development of English as a global lingua franca, exploring its philological roots and&#xd;
historical evolution and the phases it has undergone to become the language it is today.&#xd;
The thesis also examines the English language skills necessary for conducting research&#xd;
and disseminating scientific findings, as defined by the Common European Framework&#xd;
of Reference for Languages (CEFR). It is pertinent to note that, nowadays, not only is&#xd;
written language proficiency required, but also oral proficiency. Dissemination of&#xd;
research may include the visualization of results through audio-visual media and their&#xd;
presentation at international congresses. In order to support English language learning in&#xd;
the university environment, the initiatives implemented by the University of Burgos are&#xd;
documented. It details the support offered by the University of Burgos through its Institute&#xd;
for Educational Training and Research and the Center for Modern Languages, which&#xd;
confirms the booming demand for English language training in Spain. In addition, this&#xd;
analysis includes the impact of four articles with their corresponding audiovisual&#xd;
presentations, which aim to improve the teaching-learning process in university education&#xd;
through active methodologies, innovative technologies, and metacognitive strategies such&#xd;
as the use of eye-tracking technology, project-based learning (PBL) in collaborative&#xd;
environments, and digital game-based learning (DGBL). In addition, the learning process&#xd;
was analyzed through data mining and the application of metacognitive strategies during&#xd;
collaborative group interactions. Specifically, four pilot experiments are&#xd;
methodologically structured in the following sections: objectives and research questions,&#xd;
method, instruments and procedures, results, conclusions, and future lines of intervention.&#xd;
The discussion contains contributions and advances based on the results of the study. The&#xd;
thesis concludes by highlighting the essential role of English in research dissemination&#xd;
and proposes a new course as a support plan for researchers to develop the necessary&#xd;
skills for effective communication of their work</subfield>
</datafield>
<datafield tag="024" ind2=" " ind1="8">
<subfield code="a">https://hdl.handle.net/10259/11080</subfield>
</datafield>
<datafield tag="024" ind2=" " ind1="8">
<subfield code="a">10.36443/10259/11080</subfield>
</datafield>
<datafield ind1=" " ind2=" " tag="653">
<subfield code="a">Lengua inglesa</subfield>
</datafield>
<datafield ind1=" " ind2=" " tag="653">
<subfield code="a">Difusión de resultados de investigación</subfield>
</datafield>
<datafield ind1=" " ind2=" " tag="653">
<subfield code="a">Lengua inglesa oral</subfield>
</datafield>
<datafield ind1=" " ind2=" " tag="653">
<subfield code="a">Lengua inglesa escrita</subfield>
</datafield>
<datafield ind1=" " ind2=" " tag="653">
<subfield code="a">Publicación científica</subfield>
</datafield>
<datafield ind1=" " ind2=" " tag="653">
<subfield code="a">Metodología activa de enseñanza</subfield>
</datafield>
<datafield ind1=" " ind2=" " tag="653">
<subfield code="a">Proceso de enseñanza-aprendizaje,</subfield>
</datafield>
<datafield ind1=" " ind2=" " tag="653">
<subfield code="a">Tecnología del seguimiento ocular</subfield>
</datafield>
<datafield ind1=" " ind2=" " tag="653">
<subfield code="a">Aprendizaje basado en proyectos</subfield>
</datafield>
<datafield ind1=" " ind2=" " tag="653">
<subfield code="a">Aprendizaje basado en juegos</subfield>
</datafield>
<datafield ind1=" " ind2=" " tag="653">
<subfield code="a">Estrategias metacognitivas</subfield>
</datafield>
<datafield ind1=" " ind2=" " tag="653">
<subfield code="a">Aprendizaje en grupos colaborativos</subfield>
</datafield>
<datafield ind1=" " ind2=" " tag="653">
<subfield code="a">English language</subfield>
</datafield>
<datafield ind1=" " ind2=" " tag="653">
<subfield code="a">Dissemination of research results</subfield>
</datafield>
<datafield ind1=" " ind2=" " tag="653">
<subfield code="a">Oral English language</subfield>
</datafield>
<datafield ind1=" " ind2=" " tag="653">
<subfield code="a">Written English language</subfield>
</datafield>
<datafield ind1=" " ind2=" " tag="653">
<subfield code="a">Scientific publication</subfield>
</datafield>
<datafield ind1=" " ind2=" " tag="653">
<subfield code="a">Active teaching methodology</subfield>
</datafield>
<datafield ind1=" " ind2=" " tag="653">
<subfield code="a">Teaching learning process</subfield>
</datafield>
<datafield ind1=" " ind2=" " tag="653">
<subfield code="a">Eye-tracking technology</subfield>
</datafield>
<datafield ind1=" " ind2=" " tag="653">
<subfield code="a">Project-based learning</subfield>
</datafield>
<datafield ind1=" " ind2=" " tag="653">
<subfield code="a">Game-based learning</subfield>
</datafield>
<datafield ind1=" " ind2=" " tag="653">
<subfield code="a">Metacognitive strategies</subfield>
</datafield>
<datafield ind1=" " ind2=" " tag="653">
<subfield code="a">Collaborative group learning</subfield>
</datafield>
<datafield tag="245" ind1="0" ind2="0">
<subfield code="a">Impacto de la lengua inglesa en el proceso y en los resultados de la investigación científica aplicada en Ciencias de la Educación en entornos universitarios</subfield>
</datafield>
</record></metadata></record></GetRecord></OAI-PMH>